Statystyki dla Państwa Afryki według dwóch pierwszych liter

Kliknij tutaj aby rozwiązać quiz!

Ogólne statystyki

  • Ten quiz został rozwiązany 1 030 razy
  • Średni wynik to 33 z 54

Odpowiedzi na mapie

Odpowiedzi skodowane kolorowo w zielono-czerwonej skali na mapie do tego quizu, zgodnie z poniższymi procentami.
 

Statystyki odpowiedzi

Kraj% Poprawnych
Madagaskar
95%
Malawi
95%
Mali
95%
Maroko
95%
Mauretania
95%
Mauritius
95%
Egipt
90%
Algieria
87%
Kongo
86%
Republika
Południowej Afryki
86%
Eswatini
78%
Liberia
77%
Libia
77%
Niger
74%
Nigeria
74%
Sudan
74%
Sudan Południowy
74%
Czad
71%
Republika
Środkowoafrykańska
71%
Etiopia
68%
Tunezja
67%
Republika
Zielonego Przylądka
66%
Demokratyczna
Republika Konga
65%
Somalia
64%
Komory
63%
Angola
59%
Senegal
56%
Seszele
56%
Gabon
53%
Gambia
53%
Kenia
53%
Erytrea
51%
Wybrzeże Kości
Słoniowej
51%
Kamerun
48%
Tanzania
48%
Gwinea
47%
Gwinea Bissau
47%
Gwinea
Równikowa
47%
Mozambik
47%
Namibia
47%
Zambia
47%
Ghana
45%
Wyspy Świętego
Tomasza i Książeca
45%
Burkina Faso
43%
Burundi
43%
Zimbabwe
42%
Lesotho
40%
Benin
38%
Botswana
38%
Togo
38%
Uganda
38%
Dżibuti
37%
Rwanda
31%
Sierra Leone
30%

Rozkład punktacji

Percentyl według liczby udzielonych odpowiedzi

Procent ludzi z każdym wynikiem

Twoja historia wyników

Nie rozwiązałeś tego quizu